000 00430nam a22001697a 4500
003 NUST - PNEC
005 20170116181107.0
008 151003b xxu||||| |||| 00| 0 eng d
020 _a-
040 _cLIBRARY
082 _a629.8 FAR
100 _912671
_aFarrington, G. H.
245 _aFundamentals of automatic control
_cG. H. Farrington
260 _cc.1957
650 _912674
_aAutomatic control
_xME
942 _2ddc
_cBK
999 _c68957
_d68957